| 000 | 00640nam a22002052 4500 | ||
|---|---|---|---|
| 001 | 0000001073 | ||
| 005 | 20151217151805.0 | ||
| 008 | 070223s xx 000 0 eng d | ||
| 020 |
_a0825434513 : _cKES 3,237 |
||
| 040 |
_aKABU _cKABU |
||
| 050 | 0 |
_aBV4501 _b.P46 |
|
| 100 | 1 |
_aPentecost, J. Dwight. _@0000085932 |
|
| 245 | 1 | 0 |
_aDesign for discipleship : _bdiscovering God's blueprint for the Christian life / _cJ. Dwight Pentecost. |
| 260 |
_aGrand Rapids, MI : _bKregel, _c1996. |
||
| 300 | _a126 p. | ||
| 650 | 0 |
_aChristian life. _@0000149167 |
|
| 908 | _a070223 | ||
| 950 | _@1 | ||
| 999 |
_c5066 _d5066 |
||